"Sesungguhnya tuhan kamu tidak bermata satu" : (Mencari landasan hakikat di akhirat zaman)

Bibliographic Details
Other Authors: Suzana Hj Othman
Format: Book
Published: Selangor : Crescent News (KL) Sdn Bhd , 2007
Subjects:

MARC

LEADER 00000cam a2200000 7i4500
001 0000036154
005 20130606.0
008 130606
020 |a 9830617169 
090 0 0 |a 297.282   |b SES 
245 1 0 |a "Sesungguhnya tuhan kamu tidak bermata satu" :   |b (Mencari landasan hakikat di akhirat zaman)   |c susunan: Hj Muzaffar Dato' Hj Mohamad & [Tun] Suzana [Tun] Hj Othman 
260 |a Selangor :   |b Crescent News (KL) Sdn Bhd ,   |c 2007 
650 0 |a Religious life Islam 
700 0 |a Suzana Hj Othman 
999 |a 0001025386   |b Book   |c Adult Collection   |e Perbadanan Perpustakaan Awam Johor 
999 |a 0001257949   |b Book   |c Adult Collection   |e Perbadanan Perpustakaan Awam Johor